00868nam a2200205 i 450000100060000000300090000600500170001500700030003200800410003510000430007624501170011925000360023626000650027230000300033750001040036765000320047185200210050399900170052495201210054130645ES-MaACL20251011063057.0t|030127s1950 sp ||||1| spa d1 aBeltrán, Antonio, d1916-200692733310aCurso de numismática. nI., pNumismática antigua, Clásica y de España / cAntonio Beltrán Martínez. a2ª ed. completamente renovada. aCartagena : b[s.n.], c1950 (fImp. Papelería Española) a459 p. : bil. ; c26 cm. aEdiciones de la Catedra de Arqueología Epigrafía y Numismática de la Universidad de Zaragoza. 7aNumismática2embne915648 aES-MaACLjP-1010 c30645d30645 00104070aATENEOMbATENEOMcDEPO2d2008-01-17eSCl0oP-1010p1031643r2023-02-23 00:00:00w2023-02-23yMONOGRAFIA